Most Guessed Answers on Random Jetpunk Geography Quizzes - Statistics

General Stats
  • This quiz has been taken 389 times
  • The average score is 23 of 30
Answer Stats
Group Name Percentage Answer % Correct
Countries of Asia Quiz 99% China
98%
US States Quiz 96% California
96%
Countries of North America Quiz 99% Canada
95%
Countries of Asia Quiz 97% Japan
95%
Countries of North America Quiz 98% Mexico
95%
US States Quiz 94% New York
95%
Countries of the World Quiz 97% United States
95%
Countries of North America Quiz 99% United States
95%
Countries of Europe Quiz 99% United Kingdom
94%
Countries of the World Quiz 95% China
93%
Countries of Europe Quiz 99% France
93%
Countries of Europe Quiz 98% Germany
93%
Countries of South America Quiz 99% Brazil
92%
World Capitals Quiz 91% Paris
92%
Countries of South America Quiz 98% Argentina
91%
Countries of South America Quiz 98% Chile
91%
Countries of North America Quiz 94% Cuba
91%
Countries of Europe Quiz 98% Spain
91%
US States Quiz 96% Texas
91%
Countries of Africa Quiz 97% South Africa
90%
East Asia Map Quiz 96% China
89%
Countries of Africa Quiz 97% Egypt
89%
Countries of Asia Quiz 97% India
89%
Countries of the World Quiz 96% Canada
88%
Middle East Map Quiz 87% Iraq
88%
World Capitals Quiz 88% London
88%
North America Capitals Quiz 97% Mexico City
88%
Countries of North America Quiz 91% Panama
88%
North America Capitals Quiz 98% Washington D.C
88%
Countries of Oceania Quiz 99% Australia
87%
Countries of Europe Quiz 98% Italy
87%
Countries of Oceania Quiz 98% New Zealand
87%
Countries of Asia Quiz 95% South Korea
87%
US States Quiz 94% Florida
86%
East Asia Map Quiz 92% Japan
86%
Countries of the World Quiz 95% Mexico
86%
Middle East Map Quiz 91% Saudi Arabia
86%
Asia Capitals Quiz 93% Beijing
85%
Countries of South America Quiz 94% Peru
85%
East Asia Map Quiz 92% South Korea
85%
Europe Capitals Quiz 97% Paris
84%
Countries of the World Quiz 96% Russia
84%
World Capitals Quiz 85% Washington D.C
84%
South America Capitals Quiz 94% Brasilia
83%
Europe Capitals Quiz 94% London
83%
Central America and Caribbean Map Quiz 82% Cuba
82%
East Asia Map Quiz 93% North Korea
82%
World Capitals Quiz 87% Berlin
81%
South America Capitals Quiz 92% Buenos Aires
81%
Central America and Caribbean Map Quiz 88% Panama
80%
World Capitals Quiz 88% Rome
80%
Europe Capitals Quiz 91% Madrid
79%
Europe Capitals Quiz 94% Berlin
78%
Oceania Capitals Quiz 98% Canberra
78%
North America Capitals Quiz 95% Ottawa
78%
Asia Capitals Quiz 94% Tokyo
78%
Central America and Caribbean Map Quiz 73% Bahamas
77%
Countries of Oceania Quiz 91% Fiji
76%
South America Capitals Quiz 90% Lima
76%
Europe Capitals Quiz 95% Rome
76%
Asia Capitals Quiz 91% New Delhi
75%
Countries of Africa Quiz 93% Niger
75%
Countries of Asia Quiz 95% North Korea
75%
Countries of South America Quiz 93% Paraguay
74%
Middle East Map Quiz 94% Egypt
73%
Central America and Caribbean Map Quiz 78% Dominican Republic
71%
US State Capitals Quiz 86% Sacramento
71%
Middle East Map Quiz 90% Turkey
70%
Africa Capitals Quiz 92% Cairo
68%
Central America and Caribbean Map Quiz 74% Haiti
68%
East Asia Map Quiz 92% Mongolia
68%
Asia Capitals Quiz 89% Seoul
68%
US States Quiz 93% Washington
68%
South America Capitals Quiz 83% Bogota
67%
Countries of Oceania Quiz 90% Papua New Guinea
67%
South America Capitals Quiz 86% Santiago
67%
North America Capitals Quiz 90% Panama City
66%
Countries of Africa Quiz 93% D.R Congo
65%
North America Capitals Quiz 93% Havana
65%
Countries of Africa Quiz 94% Madagascar
63%
Oceania Capitals Quiz 95% Wellington
61%
Countries of Oceania Quiz 82% Fed. States of Micronesia
59%
Africa Capitals Quiz 81% Tunis
55%
US State Capitals Quiz 79% Atlanta
48%
Africa Capitals Quiz 91% Algiers
47%
Middle East Map Quiz 89% Cyprus
45%
Africa Capitals Quiz 83% Nairobi
45%
US State Capitals Quiz 79% Phoenix
44%
US State Capitals Quiz 82% Denver
38%
Asia Capitals Quiz 85% Singapore
38%
US State Capitals Quiz 81% Honolulu
35%
Oceania Capitals Quiz 73% Port Moresby
35%
Oceania Capitals Quiz 71% Suva
35%
Oceania Capitals Quiz 61% Apia
28%
Africa Capitals Quiz 79% Djibouti
10%
No matching quizzes found
Score Distribution
Percent of People with Each Score
Percentile by Number Answered
Your Score History
You have not taken this quiz